|
|
|
|
| LEADER |
00000nam0a2200000 4500 |
| 001 |
26722 |
| 005 |
20231030201752.0 |
| 010 |
|
|
|a 590035749X
|
| 035 |
|
|
|a (RuTPU)RU\TPU\book\26966
|
| 035 |
|
|
|a BOOK00027041
|
| 090 |
|
|
|a 26722
|
| 100 |
|
|
|a 20011209d2000 k y0rusy50 ca
|
| 101 |
0 |
|
|a rus
|
| 102 |
|
|
|a RU
|
| 105 |
|
|
|a а z 001zy
|
| 200 |
1 |
|
|a Геоэкологическая обстановка Каспийского моря по данным изотопно-геохимических исследований систем берег-море и вода-осадок
|f Н. М. Заири, М. Е. Васильева, В. П. Стрижов
|g Под ред. В. М. Кочеткова
|
| 210 |
|
|
|a Москва
|c Геоинформмарк
|d 2000
|
| 215 |
|
|
|a 87 с.
|c ил., 12 табл.
|
| 320 |
|
|
|a Библиогр.: с. 86-87 (27 назв.).
|
| 610 |
1 |
|
|a геология
|
| 610 |
1 |
|
|a океанология
|
| 610 |
1 |
|
|a Каспийское море
|
| 610 |
1 |
|
|a региональное течение
|
| 610 |
1 |
|
|a изотопно-геохимический мониторинг
|
| 610 |
1 |
|
|a геохимические аномалии
|
| 610 |
1 |
|
|a техногенные аномалии
|
| 610 |
1 |
|
|a морские осадки
|
| 610 |
1 |
|
|a изотопы углерода
|
| 610 |
1 |
|
|a изотопы серы
|
| 610 |
1 |
|
|a химические элементы
|
| 675 |
|
|
|a 551.464
|v 3
|
| 700 |
|
1 |
|a Заири
|b Н. М.
|g Намик Манафович
|
| 701 |
|
1 |
|a Васильева
|b М. Е.
|g Марина Евгеньевна
|
| 701 |
|
1 |
|a Стрижов
|b В. П.
|g Валентин Пантелеймонович
|
| 702 |
|
1 |
|a Кочетков
|b М. В.
|4 340
|
| 801 |
|
0 |
|a RU
|b 63413507
|c 20011209
|g PSBO
|
| 801 |
|
2 |
|a RU
|b 63413507
|c 20051202
|g PSBO
|
| 942 |
|
|
|c BK
|